| 000 | 01152nji a22003017a 4500 | ||
|---|---|---|---|
| 005 | 20100903161258.0 | ||
| 006 | a|||||r|||||00| 0 | ||
| 007 | sd ammalaaahaa | ||
| 008 | 100830t xxu||||| |||| 00| 0 eng d | ||
| 028 |
_aLH. 160 _bHindustan Records |
||
| 035 | _aGR-02785 | ||
| 040 |
_aSED _cSED |
||
| 100 |
_917455 _aSaigal, k.L |
||
| 245 |
_aZindgi / _cby k.L Sehgal; Music by _h[sound recording] : |
||
| 246 | _aजिंदगी/के एल सैगल द्वारा | ||
| 260 |
_aDum Dum, India _bHis Master's Voice |
||
| 300 |
_a1 sound disc [Gramophone Recording]: _banalog, 33 1/3 rpm _c13 in. (LP) _fGramophone Record |
||
| 500 | _aBrief Record | ||
| 505 | _a Side १ सोजा राज कुमारी(Soja raaj kumari) Side 2 बालम आया बसों मेरे मनन में( Balam aya baso mere mann me) (K L Sehgal ) | ||
| 650 |
_aClassical music _zIndia _91186 _xExcerpts |
||
| 700 | _917416 | ||
| 700 | _917456 | ||
| 700 | _919067 | ||
| 700 | _919087 | ||
| 700 | _919088 | ||
| 942 |
_2ddc _cGR |
||
| 999 |
_c46045 _d46045 |
||